000 00396nam a2200133Ia 4500
008 151001s9999||||xx |||||||||||||| ||und||
100 _aशारदाकुमार शिर्सेकर
245 _aतूच माझी मैना
250 _a1
260 _bत्रिदल प्रकाशन मुंबई
260 _c1991
300 _a67
365 _b18
999 _c981771
_d981768